| 000 | 00597nam a22001937a 4500 | ||
|---|---|---|---|
| 999 |
_c12358 _d12358 |
||
| 003 | AR-CdUCM | ||
| 008 | 190408b ||||| |||| 00| 0 spa d | ||
| 040 |
_aMUNICIPALIDAD PROVINCIAL DEL CUSCO _cBIBLIOTECA MUNICIPAL DEL CUSCO |
||
| 082 |
_a918.5 / _bC20 /1905 |
||
| 245 | _aLos limites del Perú con Bolivia / | ||
| 260 | _c1905. | ||
| 300 |
_a278 páginas ; _c20 cm. |
||
| 505 | _aContenido : Preliminares -- Antecedente -- El collao ... | ||
| 650 |
_aTerritorio _914668 |
||
| 650 |
_aLimites _919285 |
||
| 650 |
_aPerú - Bolivia _930180 |
||
| 942 |
_2ddc _cLIBROS |
||
| 945 |
_arah _d08/04/2019 |
||